Определение заряда иона водорода: методические указания к выполнению лабораторной работы Э-07а по курсу "Общая физика" для студентов всех специальностей

Detaylı Bibliyografya
Müşterek Yazar: Томский политехнический университет (ТПУ)
Diğer Yazarlar: Гриняев С. Н. Сергей Николаевич (составитель)
Özet:Заглавие с титульного экрана
Электронная версия печатной публикации
Режим доступа: из сети НТБ ТПУ
Dil:Rusça
Baskı/Yayın Bilgisi: Томск, Изд-во ТПУ, 2008
Konular:
Online Erişim:http://www.lib.tpu.ru/fulltext3/m/2009/m41.pdf
Materyal Türü: MixedMaterials Elektronik Kitap
KOHA link:https://koha.lib.tpu.ru/cgi-bin/koha/opac-detail.pl?biblionumber=172650

MARC

LEADER 00000nlm0a2200000 4500
001 172650
005 20231101223039.0
035 |a (RuTPU)RU\TPU\book\187222 
079 0 |a Э-07 
090 |a 172650 
100 |a 20091215d2008 m y0rusy50 ca 
101 0 |a rus 
102 |a RU 
105 |a a j 001zy 
135 |a vrcn ---uucaa 
181 0 |a i  
182 0 |a b 
200 1 |a Определение заряда иона водорода  |b Электронный ресурс  |e методические указания к выполнению лабораторной работы Э-07а по курсу "Общая физика" для студентов всех специальностей  |f Томский политехнический университет (ТПУ) ; сост. С. Н. Гриняев 
203 |a Текст  |c электронный 
210 |a Томск  |c Изд-во ТПУ  |d 2008 
230 |a 1 компьютерный файл (pdf; 315 KB) 
300 |a Заглавие с титульного экрана 
300 |a Электронная версия печатной публикации 
333 |a Режим доступа: из сети НТБ ТПУ 
337 |a Adobe Reader 
606 1 |a Физика  |2 stltpush  |3 (RuTPU)RU\TPU\subj\63709  |9 80688 
610 1 |a общая физика 
610 1 |a электростатика 
610 1 |a электролиты 
610 1 |a ток 
610 1 |a прохождение 
610 1 |a водород 
610 1 |a электрохимический эквивалент 
610 1 |a ионы водорода 
610 1 |a заряды 
610 1 |a определение 
610 1 |a лабораторные работы 
610 1 |a методические указания 
610 1 |a электронный ресурс 
675 |a 53(076.5)  |v 3 
702 1 |a Гриняев  |b С. Н.  |c физик  |c доцент Томского политехнического университета, кандидат физико-математических наук  |f 1951-  |g Сергей Николаевич  |2 stltpush  |3 (RuTPU)RU\TPU\pers\28952  |4 220 
712 0 2 |a Томский политехнический университет (ТПУ)  |c (1991- )  |2 stltpush  |3 (RuTPU)RU\TPU\col\376 
801 1 |a RU  |b 63413507  |c 20091215 
801 2 |a RU  |b 63413507  |c 20170119  |g RCR 
856 4 |u http://www.lib.tpu.ru/fulltext3/m/2009/m41.pdf 
942 |c CF